Paredes, un campesino extremeño (Record no. 50830)

MARC details
000 -LEADER
campo de control de longitud fija 00502nam a2200169 i 4500
001 - NÚMERO DE CONTROL
campo de control 50830
003 - IDENTIFICADOR DE NÚMERO DE CONTROL
campo de control ES-MaACL
005 - FECHA Y HORA DE LA ÚLTIMA TRANSACCIÓN
campo de control 20230906162238.0
007 - CAMPO FIJO DE DESCRIPCIÓN FÍSICA--INFORMACIÓN GENERAL
campo de control de longitud fija t|
008 - DATOS DE LONGITUD FIJA--INFORMACIÓN GENERAL
campo de control de longitud fija 030807s1977 sp ||||1| spa d
100 1# - ENTRADA PRINCIPAL--NOMBRE DE PERSONA
Nombre de persona Chamizo, Patricio.
9 (RLIN) 37881
245 10 - MENCIÓN DEL TÍTULO
Título Paredes, un campesino extremeño
Resto del título : ; en un lugar de Alemania /
Mención de responsabilidad, etc. Patricio Chamizo.
260 ## - PUBLICACIÓN, DISTRIBUCIÓN, ETC.
Lugar de publicación, distribución, etc. [Badajoz :
Nombre del editor, distribuidor, etc. Esquina viva,
Fecha de publicación, distribución, etc. 1977]
300 ## - DESCRIPCIÓN FÍSICA
Extensión 136 p. ;
Dimensiones 19 cm.
740 0# - ENTRADA AGREGADA--TÍTULO RELACIONADO/ANALÍTICO NO CONTROLADO
Título relacionado o analítico no controlado En un lugar de Alemania.
852 ## - LOCALIZACIÓN
Ubicación ES-MaACL
Número de control de estantería A-7212
Sublocalización o colección R.96524
Holdings
Estatus retirado Estado de pérdida Estado de daño No para préstamo Biblioteca de origen Biblioteca actual Ubicación en estantería Fecha de adquisición Fuente de adquisición Total de préstamos Signatura topográfica completa Código de barras Visto por última vez Precio de reemplazo Tipo de ítem Koha
        Biblioteca del Ateneo de Madrid Biblioteca del Ateneo de Madrid Sala Pecera Planta 1 17/01/2008     A-7212 1053460 23/02/2023 23/02/2023 Libro impreso